Huntress - Portrayals by Picture - Statistics

General Stats
  • This quiz has been taken 4 times
  • The average score is 1 of 6
Answer Stats
Picture Answer % Correct
Mary Elizabeth Winstead
67%
Tara Strong
33%
Amy Acker
0%
Claire Hamilton
0%
Jessica De Gouw
0%
Sumalee Montano
0%
No matching quizzes found
Score Distribution
Percent of People with Each Score
Percentile by Number Answered
Your Score History
You have not taken this quiz